Statistics for Islands by City

Click here to take the quiz!

General Stats

  • This quiz has been taken 284 times
  • The average score is 10 of 20

Answer Stats

CitiesIslands% Correct
ReykjavikIceland
97%
TaipeiTaiwan
97%
AntanananarivoMadagascar
84%
JakartaJava
82%
San JuanPuerto Rico
79%
NuukGreenland
77%
HonoluluOahu
72%
Bendar Seri BegawanBorneo
69%
SuvaFiji
67%
Al ManamahBahrain
54%
PapeeteTahiti
42%
CharlottetownPrince Edward Island
38%
DavaoMindanao
37%
LongyearbyenSvalbard
29%
BastiaCorsica
28%
CozumelCozumel
21%
Ikaluktutiak (Cambridge Bay)Victoria
18%
NassauNew Providence
12%
Newport (R.I.)Block Island
3%
SitkaChitgagof
0%

Score Distribution

Percentile by Number Answered

Percent of People with Each Score

Your Score History

You have not taken this quiz